The Big Bang Theory Trivia Quiz Stats

 Plays Quiz not verified by Sporcle

Challenge
Share
Tweet
Embed
Score 0/20 Timer 05:00
0 Plays Today
Question Answer % Correct
Who is Bernadette's maid of honour?Amy
83.6%
Sheldon begs Howard to introduce him to which famous scientist?Stephen Hawking
70.1%
What is the name of Sheldon's twin sibling?Missy
69.2%
What kind of cookie jar does Leonard buy Sheldon?Batman
64.7%
Sheldon buys Amy a tiara at the jewelery store. What does he buy for himself?pocket watch
58.7%
When they watch America's Next Top Model, what name does Howard use to refer to the contestants?The future Mrs. Wolowitz
57.2%
What is Howard's middle name?Joel
43.8%
Where does Sheldon move to after the apartment is robbed?Bozeman
42.3%
How does Howard think Sheldon might reproduce?mitosis
41.3%
What kind of bears does Penny have on her bed?Care bears
40.3%
Question Answer % Correct
What is the name of Leonard's mother's book?Needy baby, greedy baby
28.9%
Amy shares Sheldon's aversion to? (from the first time they meet)soiled hosiery
24.4%
Where in Texas is Sheldon from?Galveston
24.4%
What chart does Sheldon keep on the fridge?Bowel movement
24.4%
Sheldon manages to hack Leonard's facebook because his password for everything is..?Kal-El
23.9%
Raj's father works as a...?Gynaecologist
18.9%
According to Leonard, his genetic weaknesses are shortness, lactose intolerance, and...?Male pattern baldness
15.4%
Where is Amy Farrah Fowler from?Glendale
14.9%
Breaking into your neighbour's apartment to clean is sarcastically suggested as a folk cure for which illness?insomnia
14.4%
What heart condition does Howard have?Transient idiopathic arrhythmia
3%

You're not logged in!

Compare scores with friends on all Sporcle quizzes.
Join for Free
OR
Log In

You Might Also Like...

Show Comments

Extras

Top Quizzes Today


Score Distribution

Your Account Isn't Verified!

In order to create a playlist on Sporcle, you need to verify the email address you used during registration. Go to your Sporcle Settings to finish the process.

Report this User

Report this user for behavior that violates our Community Guidelines.

Details: